| 000 | 00000nam 2200000za 4500 |
| 001 | 9.644755 |
| 003 | CaOODSP |
| 005 | 20210119094254 |
| 007 | ta |
| 008 | 150407s1993||||xxc||||| f|0| 0 eng d |
| 020 | |a0-662-20609-6 |
| 040 | |aCaOODSP|beng |
| 043 | |an-cn--- |
| 086 | 1 |aZ1-1989/3-41-10E |
| 110 | 1 |aCanada.|bRoyal Commission on New Reproductive Technologies. |
| 245 | 10|aSurvey of Canadian fertility programs / |cby Thomas Stephens et al. |
| 260 | |aOttawa - Ontario : |bRoyal Commissions. |c1993. |
| 300 | |ax, 114p. : |bfig., references, tables ; |c28 cm. |
| 500 | |a"The principal objectives of this study of fertility programs in Canada were to: provide 1991 statistics on patients, treatments, and outcomes; document record keeping practices; provide data regarding counselling; and analyze written materials that were given to patients."--Executive summary. |
| 520 | 3 |aThe principal objectives of this study of fertility programs in Canada were to: provide 1991 statistics on patients, treatments, and outcomes; document record keeping practices; provide data regarding counselling; and analyze written materials that were given to patients.--Executive summary |
| 563 | |aSoftcover |
| 690 | 07|aFertility|2gcpds |
| 690 | 07|aReproductive technology|2gcpds |
| 720 | 1 |aStephens, Thomas |
| 775 | 08|tEnquête sur les programmes d'infertilité au Canada / |w(CaOODSP)9.678563 |
| 776 | 0#|tSurvey of Canadian fertility programs / |w(CaOODSP)9.895403 |
| 986 | |a214-E |